[Event "WchT Blitz Pool A"]
[Site "London"]
[Date "2025.06.14"]
[Round "10.1"]
[White "Khoury, Theo"]
[Black "Sava, Robert Gabriel"]
[Result "1/2-1/2"]
[WhiteElo "2209"]
[BlackElo "2121"]
[PlyCount "125"]
[EventDate "2025.06.14"]
[EventType "team-tourn"]
[EventRounds "13"]
[EventCountry "ENG"]
[SourceTitle "CB25_2025"]
[SourceDate "2025.06.18"]
[SourceVersion "1"]
[SourceVersionDate "2025.06.18"]
[SourceQuality "1"]
[WhiteTeam "Chess Trust Accelerators"]
[BlackTeam "xChess.AI"]
[WhiteTeamCountry "ENG"]
[BlackTeamCountry "ROU"]

1. e4 e6 2. d4 d5 3. Nc3 Bb4 4. exd5 exd5 5. Bd3 Nc6 6. Nf3 Nge7 7. 0-0 0-0 8. h3 Bxc3 9. bxc3 Bf5 10. Bf4 Qd7 11. Re1 Bxd3 12. cxd3 Rfe8 13. Ne5 Nxe5 14. Bxe5 f6 15. Bf4 Ng6 16. Qf3 c6 17. Bg3 Nf8 18. Re3 Rxe3 19. fxe3 Re8 20. e4 Rd8 21. e5 fxe5 22. dxe5 Ne6 23. d4 Rf8 24. Qe2 Qf7 25. Rf1 Qxf1+ 26. Qxf1 Rxf1+ 27. Kxf1 Kf7 28. Kf2 Ng5 29. Ke3 Ke6 30. Be1 b5 31. Kf4 Nf7 32. g4 a5 33. c4 dxc4 34. Bxa5 g6 35. h4 Kd5 36. Bc3 Nd8 37. Kg5 Ne6+ 38. Kf6 c5 39. dxc5 Nxc5 40. Kg7 Ne4 41. Bb4 h5 42. gxh5 gxh5 43. Kg6 c3 44. Kxh5 c2 45. Ba3 Kxe5 46. Kg6 Ke6 47. h5 b4 48. Bc1 Nf6 49. h6 Ke7 50. Bb2 Ke6 51. Kg7 Nh5+ 52. Kg8 Nf6+ 53. Kg7 Nh5+ 54. Kg6 Nf6 55. Bc1 Ke7 56. Be3 Ke6 57. Bd2 Ke5 58. Bg5 Ke6 59. Bc1 Ke5 60. Bb2+ Ke6 61. Bc1 Ke5 62. Bb2+ Ke6 63. Bc1 1/2-1/2

[Event "WchT Rapid"]
[Site "London"]
[Date "2025.06.13"]
[Round "12.1"]
[White "Eren, Ataberk"]
[Black "Sava, Robert Gabriel"]
[Result "1/2-1/2"]
[WhiteElo "2195"]
[BlackElo "2132"]
[PlyCount "124"]
[EventDate "2025.06.11"]
[EventType "team-swiss"]
[EventRounds "12"]
[EventCountry "ENG"]
[SourceTitle "CB25_2025"]
[SourceDate "2025.06.18"]
[SourceVersion "1"]
[SourceVersionDate "2025.06.18"]
[SourceQuality "1"]
[WhiteTeam "Istanbul Satranc"]
[BlackTeam "xChess.AI"]
[WhiteTeamCountry "TUR"]
[BlackTeamCountry "ROU"]

1. c4 e6 2. Nf3 Nf6 3. g3 d5 4. Bg2 c6 5. 0-0 Bd6 6. d4 0-0 7. Nc3 Nbd7 8. Nd2 Be7 9. e4 dxe4 10. Ndxe4 Nxe4 11. Nxe4 Nf6 12. Bf4 Nxe4 13. Bxe4 Bf6 14. Be5 Qe7 15. Qh5 g6 16. Qf3 Bg7 17. Qc3 f6 18. Bf4 c5 19. Bg2 cxd4 20. Qxd4 e5 21. Qe4 Bf5 22. Qe2 Be6 23. Be3 Rac8 24. Rac1 b6 25. Rfd1 Rfd8 26. b3 Bf8 27. h4 Qf7 28. a4 Bb4 29. Kh2 Qe7 30. h5 g5 31. Bd5 Qf7 32. Bxe6 Qxe6 33. Rxd8+ Rxd8 34. Rd1 Rxd1 35. Qxd1 Be7 36. a5 f5 37. axb6 axb6 38. f3 Kf7 39. Qd3 h6 40. Kg2 Bc5 41. Bd2 e4 42. fxe4 fxe4 43. Qf1+ Ke8 44. Be1 Qg4 45. b4 Bd4 46. c5 bxc5 47. bxc5 Qf3+ 48. Qxf3 exf3+ 49. Kxf3 Bxc5 50. Ke4 Kf7 51. Kf5 Kg7 52. g4 Kh7 53. Ke6 Bd4 54. Kf7 Ba1 55. Bb4 Bg7 56. Be7 Be5 57. Bf8 Bd4 58. Bd6 Bf2 59. Be7 Bg1 60. Ke6 Bf2 61. Kf7 Be3 62. Bf6 Bf2 1/2-1/2

[Event "WchT Rapid"]
[Site "London"]
[Date "2025.06.13"]
[Round "9.1"]
[White "Sava, Robert Gabriel"]
[Black "D'Costa, Lorin AR"]
[Result "0-1"]
[WhiteElo "2132"]
[BlackElo "2378"]
[PlyCount "65"]
[EventDate "2025.06.11"]
[EventType "team-swiss"]
[EventRounds "12"]
[EventCountry "ENG"]
[SourceTitle "CB25_2025"]
[SourceDate "2025.06.18"]
[SourceVersion "1"]
[SourceVersionDate "2025.06.18"]
[SourceQuality "1"]
[WhiteTeam "xChess.AI"]
[BlackTeam "Chess Rising Stars"]
[WhiteTeamCountry "ROU"]
[BlackTeamCountry "GRE"]

1. b4 d5 2. Bb2 Bg4 3. Nf3 Bxf3 4. exf3 e6 5. Be2 Nf6 6. b5 g6 7. 0-0 Bg7 8. f4 0-0 9. d3 a6 10. a4 c6 11. Nd2 Ne8 12. Bxg7 Kxg7 13. Nf3 Qf6 14. g3 Nd6 15. Ne5 axb5 16. axb5 Rxa1 17. Qxa1 Nxb5 18. c4 Nd6 19. c5 Nb5 20. d4 Qe7 21. Rb1 f6 22. Nf3 Rf7 23. Bxb5 cxb5 24. Rxb5 Nc6 25. Kg2 h6 26. h4 g5 27. Qb2 gxf4 28. gxf4 Kh8 29. Kf1 Rg7 30. Qa1 Qf7 31. Ke2 Qg6 32. Qa8+ Rg8 33. Qxb7 0-1

[Event "WchT Rapid"]
[Site "London"]
[Date "2025.06.12"]
[Round "8.1"]
[White "Sava, Robert Gabriel"]
[Black "Hansen, Eric"]
[Result "1/2-1/2"]
[WhiteElo "2132"]
[BlackElo "2582"]
[PlyCount "122"]
[EventDate "2025.06.11"]
[EventType "team-swiss"]
[EventRounds "12"]
[EventCountry "ENG"]
[SourceTitle "CB25_2025"]
[SourceDate "2025.06.18"]
[SourceVersion "1"]
[SourceVersionDate "2025.06.18"]
[SourceQuality "1"]
[WhiteTeam "xChess.AI"]
[BlackTeam "ChessbrahTV"]
[WhiteTeamCountry "ROU"]
[BlackTeamCountry "CAN"]

1. b4 e5 2. Bb2 Bxb4 3. Bxe5 Nf6 4. c4 0-0 5. Nf3 Re8 6. e3 d5 7. Be2 c5 8. cxd5 Nxd5 9. 0-0 Nc6 10. Bb2 Bf5 11. Qc1 b6 12. a3 Ba5 13. Nc3 Bxc3 14. Bxc3 Nf4 15. Bb5 Bd3 16. Bxd3 Nxd3 17. Qc2 Qd5 18. Ne1 Nde5 19. f4 Nc4 20. Nf3 Rad8 21. Rfc1 Nd6 22. Ng5 f5 23. Re1 h6 24. Nf3 Ne4 25. Rad1 Qc4 26. Rc1 Rd7 27. Bb2 Qd3 28. Qxd3 Rxd3 29. Rc2 Red8 30. Bc1 g5 31. fxg5 hxg5 32. Rf1 R8d5 33. Ne1 Rb3 34. d4 Rc3 35. dxc5 Rdxc5 36. Rxc3 Nxc3 37. Bb2 Ne4 38. Nf3 Rb5 39. Ba1 Rc5 40. Nd4 Ne7 41. Bb2 Nd2 42. Rc1 Nc4 43. Nb3 Rc6 44. Nd4 Rc8 45. Rc2 Nxe3 46. Rxc8+ Nxc8 47. Bc1 f4 48. Ne6 Ne7 49. Nxg5 Ng6 50. Ne6 Nd5 51. Kf2 Kf7 52. Nd4 Kf6 53. Ke2 a6 54. Kd3 Ke5 55. Nf3+ Kf5 56. Kd4 Nge7 57. Ne5 Ke6 58. Nd3 Kf5 59. Ne5 Ke6 60. Nd3 Kf5 61. Ne5 Ke6 1/2-1/2

[Event "WchT Rapid"]
[Site "London"]
[Date "2025.06.11"]
[Round "1.1"]
[White "Sava, Robert Gabriel"]
[Black "Harvey, Marcus Ross"]
[Result "0-1"]
[WhiteElo "2132"]
[BlackElo "2460"]
[PlyCount "118"]
[EventDate "2025.06.11"]
[EventType "team-swiss"]
[EventRounds "12"]
[EventCountry "ENG"]
[SourceTitle "CB25_2025"]
[SourceDate "2025.06.18"]
[SourceVersion "1"]
[SourceVersionDate "2025.06.18"]
[SourceQuality "1"]
[WhiteTeam "xChess.AI"]
[BlackTeam "Wood Green"]
[WhiteTeamCountry "ROU"]
[BlackTeamCountry "ENG"]

1. d4 Nf6 2. c4 e6 3. Nf3 Bb4+ 4. Bd2 Qe7 5. g3 0-0 6. Bg2 Bxd2+ 7. Nbxd2 d6 8. 0-0 e5 9. e3 Re8 10. Qc2 h6 11. Rfc1 Nc6 12. d5 Nb8 13. e4 a5 14. Ne1 Na6 15. Nd3 Nd7 16. a3 Ndc5 17. Nxc5 dxc5 18. f4 Nb8 19. Rf1 Nd7 20. a4 Ra6 21. Rae1 g6 22. Nf3 Qf6 23. Qd2 Rb6 24. fxe5 Nxe5 25. Nxe5 Qxe5 26. Qxh6 Rxb2 27. Qf4 Qxf4 28. gxf4 Rb4 29. f5 gxf5 30. exf5 Rxe1 31. Rxe1 Bxf5 32. Re7 c6 33. dxc6 bxc6 34. Bxc6 Rxc4 35. Ra7 Rc1+ 36. Kf2 c4 37. Rxa5 Bg6 38. Rg5 c3 39. Be4 c2 40. Bxc2 Rxc2+ 41. Kg3 Rc3+ 42. Kf2 Rc4 43. a5 Ra4 44. Rc5 Kg7 45. Ke3 Kh6 46. h4 f5 47. Kf2 Kh5 48. Kg3 Rxh4 49. Rc8 Ra4 50. Ra8 f4+ 51. Kf2 Kg4 52. a6 Ra2+ 53. Ke1 Kf3 54. a7 Be4 55. Rh8 Rxa7 56. Rh3+ Kg4 57. Rc3 Ra2 58. Rb3 f3 59. Kf1 Kg3 0-1

[Event "Titled Tuesday intern op 01st Apr Early"]
[Site "Chess.com INT"]
[Date "2025.04.01"]
[Round "8"]
[White "Punin, Andrii"]
[Black "Sava, Robert Gabriel"]
[Result "0-1"]
[WhiteElo "2289"]
[BlackElo "2245"]
[PlyCount "82"]
[EventDate "2025.04.01"]
[EventType "swiss (blitz)"]
[EventRounds "11"]
[EventCountry "USA"]
[SourceTitle "CB15_2025"]
[SourceDate "2025.04.09"]
[SourceVersion "1"]
[SourceVersionDate "2025.04.09"]
[SourceQuality "1"]

1. e4 e6 2. Qe2 c5 3. g3 Nc6 4. Bg2 g6 5. Nf3 Bg7 6. 0-0 Nge7 7. c3 0-0 8. Na3 d5 9. exd5 exd5 10. Rd1 Re8 11. d3 Nf5 12. Qc2 b6 13. Bf4 Bb7 14. Nb5 Rc8 15. g4 a6 16. gxf5 axb5 17. fxg6 fxg6 18. Bh3 Rf8 19. Bg5 Qd6 20. Bxc8 Bxc8 21. Nh4 h6 22. Bd2 g5 23. Ng2 Ne5 24. f4 Nf3+ 25. Kh1 Nxd2 26. Qxd2 gxf4 27. Nh4 d4 28. Nf3 Bb7 29. Rf1 Re8 30. Rae1 Re3 31. Rxe3 fxe3 32. Qe2 Qf4 33. Kg1 Qg4+ 34. Qg2 Qd7 35. Qg3 Qe7 36. Nh4 Bc8 37. Nf5 Bxf5 38. Rxf5 Kh7 39. Kf1 e2+ 40. Ke1 dxc3 41. Re5 Qxe5 0-1

[Event "Titled Tuesday intern op 25th Mar Early"]
[Site "Chess.com INT"]
[Date "2025.03.25"]
[Round "11"]
[White "Barria Zuniga, Daniel"]
[Black "Sava, Robert Gabriel"]
[Result "0-1"]
[WhiteElo "2341"]
[BlackElo "2245"]
[PlyCount "90"]
[EventDate "2025.03.25"]
[EventType "swiss (blitz)"]
[EventRounds "11"]
[EventCountry "USA"]
[SourceTitle "CB14_2025"]
[SourceDate "2024.11.01"]
[SourceVersion "1"]
[SourceVersionDate "2024.11.01"]
[SourceQuality "1"]

1. d4 d5 2. c4 e6 3. Nf3 Nf6 4. Nc3 c6 5. Bg5 Be7 6. e3 0-0 7. Qc2 Nbd7 8. 0-0-0 a6 9. Kb1 b5 10. c5 Ne8 11. Bf4 a5 12. e4 Ndf6 13. e5 Nd7 14. Bd3 h6 15. h4 b4 16. Na4 Ba6 17. g4 Bxd3 18. Qxd3 Qc8 19. g5 h5 20. Rhg1 g6 21. Qe3 Ng7 22. b3 Qa6 23. Qd2 Qb7 24. Nh2 Nb8 25. Nf1 Na6 26. Ng3 Nc7 27. Ka1 Nb5 28. Rc1 Rfb8 29. Rgd1 Nc3 30. Nxc3 bxc3 31. Qxc3 a4 32. bxa4 Qa6 33. Rd2 Qxa4 34. Rb1 Rxb1+ 35. Kxb1 Bd8 36. Qb3 Qa6 37. Qd3 Rb8+ 38. Ka1 Qa5 39. Qc2 Qa3 40. Rd3 Qa5 41. Bd2 Qa6 42. Rb3 Ra8 43. Qb1 Ba5 44. Qd3 Bc3+ 45. Qxc3 Qxa2# 0-1

[Event "Titled Tuesday intern op 25th Mar Early"]
[Site "Chess.com INT"]
[Date "2025.03.25"]
[Round "8"]
[White "Chan, Kim Yew"]
[Black "Sava, Robert Gabriel"]
[Result "0-1"]
[WhiteElo "2311"]
[BlackElo "2245"]
[PlyCount "62"]
[EventDate "2025.03.25"]
[EventType "swiss (blitz)"]
[EventRounds "11"]
[EventCountry "USA"]
[SourceTitle "CB14_2025"]
[SourceDate "2024.11.01"]
[SourceVersion "1"]
[SourceVersionDate "2024.11.01"]
[SourceQuality "1"]

1. e4 e6 2. d3 d5 3. Nd2 c5 4. g3 Nc6 5. Bg2 Nf6 6. Ngf3 Be7 7. 0-0 0-0 8. e5 Nd7 9. Re1 Qc7 10. Qe2 b6 11. h4 Bb7 12. Nf1 Rac8 13. N1h2 Nd4 14. Qd1 Nxf3+ 15. Nxf3 d4 16. Bf4 Rfd8 17. Ng5 Bxg2 18. Kxg2 Nf8 19. Qh5 Bxg5 20. hxg5 Qc6+ 21. f3 c4 22. Rac1 Qb5 23. b3 cxd3 24. cxd3 Qxd3 25. Qh1 Rc2+ 26. Kh3 Rdc8 27. Rxc2 Rxc2 28. Rd1 Qf5+ 29. Kh4 Ng6+ 30. Kh5 Nxf4+ 31. gxf4 Qxf4 0-1

[Event "Titled Tuesday intern op 25th Mar Early"]
[Site "Chess.com INT"]
[Date "2025.03.25"]
[Round "4"]
[White "Grot, Blazej"]
[Black "Sava, Robert Gabriel"]
[Result "1-0"]
[WhiteElo "2190"]
[BlackElo "2245"]
[PlyCount "135"]
[EventDate "2025.03.25"]
[EventType "swiss (blitz)"]
[EventRounds "11"]
[EventCountry "USA"]
[SourceTitle "CB14_2025"]
[SourceDate "2024.11.01"]
[SourceVersion "1"]
[SourceVersionDate "2024.11.01"]
[SourceQuality "1"]

1. e4 e6 2. d4 d5 3. Nc3 Bb4 4. e5 b6 5. Bd2 Qd7 6. a3 Bf8 7. h4 Ne7 8. h5 h6 9. Qg4 Ba6 10. Nf3 Bxf1 11. Kxf1 c5 12. Ne2 Nbc6 13. c3 c4 14. Qf4 Na5 15. Be3 Nf5 16. Ng3 Nxg3+ 17. Qxg3 0-0-0 18. Rh4 Kb7 19. Rf4 Rc8 20. Nh2 Rc7 21. Qf3 Nc6 22. Kg1 Nd8 23. Nf1 Qb5 24. Rb1 Bxa3 25. Nd2 Bf8 26. b3 cxb3 27. c4 Qc6 28. Nxb3 Kc8 29. c5 bxc5 30. dxc5 d4 31. Rxd4 Qxf3 32. gxf3 Nc6 33. Re4 Be7 34. f4 Kd7 35. Rd1+ Kc8 36. Ra4 Rd8 37. Rxd8+ Kxd8 38. Kg2 Kc8 39. Kf3 Rb7 40. Nd2 Rb4 41. Ra1 Rb5 42. Ne4 Kc7 43. Rg1 Bf8 44. Nd6 Rb3 45. Nxf7 Nd4+ 46. Ke4 Nf5 47. Nd6 Ne7 48. Ra1 Nc6 49. Rg1 a5 50. Ne8+ Kd8 51. Nxg7 a4 52. Nxe6+ Ke7 53. Nxf8 Kxf8 54. Kd5 Nb4+ 55. Kc4 Nc2 56. c6 Na3+ 57. Kd5 Nb5 58. Bc5+ Kf7 59. e6+ Kf6 60. Rg6+ Kf5 61. e7 Nc7+ 62. Kd6 Ne8+ 63. Kd7 a3 64. Bxa3 Rxa3 65. Kxe8 Ra7 66. Kf7 Kxf4 67. Rd6 Ke5 68. Rd7 1-0

[Event "Titled Tuesday intern op 25th Mar Early"]
[Site "Chess.com INT"]
[Date "2025.03.25"]
[Round "2"]
[White "Sava, Robert Gabriel"]
[Black "Jovic, Stanoje"]
[Result "1-0"]
[WhiteElo "2245"]
[BlackElo "2096"]
[PlyCount "59"]
[EventDate "2025.03.25"]
[EventType "swiss (blitz)"]
[EventRounds "11"]
[EventCountry "USA"]
[SourceTitle "CB14_2025"]
[SourceDate "2024.11.01"]
[SourceVersion "1"]
[SourceVersionDate "2024.11.01"]
[SourceQuality "1"]

1. d4 Nf6 2. c4 e6 3. Nf3 b6 4. g3 Ba6 5. Nbd2 Bb4 6. a3 Bxd2+ 7. Nxd2 Bb7 8. Nf3 0-0 9. Bg2 d5 10. 0-0 dxc4 11. Qa4 Bd5 12. Bg5 a6 13. Rfe1 b5 14. Qc2 h6 15. Bxf6 Qxf6 16. e4 Bb7 17. e5 Qe7 18. Ng5 hxg5 19. Bxb7 Ra7 20. Be4 c5 21. d5 exd5 22. Bxd5 Rd7 23. Rad1 Rfd8 24. Bxf7+ Kf8 25. Qh7 Qxf7 26. Rxd7 Nxd7 27. e6 Nf6 28. Qh8+ Qg8 29. e7+ Kf7 30. exd8Q 1-0

[Event "Titled Tuesday intern op 25th Mar Early"]
[Site "Chess.com INT"]
[Date "2025.03.25"]
[Round "5"]
[White "Sava, Robert Gabriel"]
[Black "Musial, Igor"]
[Result "0-1"]
[WhiteElo "2245"]
[BlackElo "2289"]
[PlyCount "118"]
[EventDate "2025.03.25"]
[EventType "swiss (blitz)"]
[EventRounds "11"]
[EventCountry "USA"]
[SourceTitle "CB14_2025"]
[SourceDate "2024.11.01"]
[SourceVersion "1"]
[SourceVersionDate "2024.11.01"]
[SourceQuality "1"]

1. d4 Nf6 2. c4 g6 3. Nc3 d5 4. cxd5 Nxd5 5. e4 Nxc3 6. bxc3 Bg7 7. Ba3 0-0 8. Bc4 b6 9. Nf3 Bb7 10. 0-0 c5 11. dxc5 bxc5 12. Qxd8 Rxd8 13. Rad1 Nd7 14. Bd5 Bxd5 15. Rxd5 e6 16. Rd6 Bf8 17. Rd2 Nb6 18. Bc1 Nc4 19. Rc2 Bg7 20. Nd2 Nxd2 21. Bxd2 Rd3 22. Rfc1 Rad8 23. Be1 c4 24. Kf1 f5 25. exf5 exf5 26. Rb1 h5 27. Ke2 Re8+ 28. Kf1 h4 29. h3 g5 30. Bd2 f4 31. f3 Red8 32. Be1 Rd1 33. Rxd1 Rxd1 34. Ke2 Rd3 35. Bd2 Kf7 36. Be1 Ke6 37. Rb2 Bxc3 38. Bxc3 Rxc3 39. Rb4 Rc2+ 40. Kf1 Kd5 41. Ra4 Rb2 42. Rxa7 c3 43. Rd7+ Kc4 44. Rc7+ Kd3 45. Rd7+ Kc2 46. Rd5 Rxa2 47. Rxg5 Ra7 48. Rg4 Rf7 49. Rxh4 Kc1 50. Rh8 c2 51. Rc8 Rb7 52. Kf2 Kb1 53. g3 c1Q 54. Rxc1+ Kxc1 55. gxf4 Kd2 56. Kg3 Rg7+ 57. Kh4 Ke3 58. f5 Kf4 59. f6 Rh7# 0-1

[Event "ROM-ch"]
[Site "Craiova"]
[Date "2025.02.21"]
[Round "7"]
[White "Sava, Robert Gabriel"]
[Black "Sachilaru, Alexandru"]
[Result "1/2-1/2"]
[WhiteElo "2183"]
[BlackElo "2305"]
[PlyCount "48"]
[EventDate "2025.02.15"]
[EventType "swiss"]
[EventRounds "9"]
[EventCountry "ROU"]
[SourceTitle "CB09_2025"]
[SourceDate "2025.02.27"]
[SourceVersion "1"]
[SourceVersionDate "2025.02.27"]
[SourceQuality "1"]

1. d4 Nf6 2. c4 e6 3. Nf3 a6 4. e3 d5 5. Nbd2 Be7 6. Be2 0-0 7. 0-0 b6 8. b3 Bb7 9. Bb2 Nbd7 10. Ne5 c5 11. Ndf3 Rc8 12. Rc1 Bd6 13. Nxd7 Nxd7 14. Ne5 Nxe5 15. dxe5 Bb8 16. Bf3 Qe7 17. cxd5 exd5 18. Bg4 Rcd8 19. f4 b5 20. Kh1 a5 21. Qe2 b4 22. Rfd1 Rfe8 23. Qb5 Ba7 24. f5 Qd7 1/2-1/2

[Event "Wch U14 blitz"]
[Site "Terme Catez"]
[Date "2024.12.16"]
[Round "8"]
[White "Malaric, Marko"]
[Black "Sava, Robert Gabriel"]
[Result "0-1"]
[WhiteElo "1940"]
[BlackElo "2269"]
[PlyCount "96"]
[EventDate "2024.12.16"]
[EventType "swiss (blitz)"]
[EventRounds "22"]
[EventCountry "SLO"]
[SourceTitle "CB51_2024"]
[SourceDate "2024.12.18"]
[SourceVersion "1"]
[SourceVersionDate "2024.12.18"]
[SourceQuality "1"]

1. e4 e6 2. d4 d5 3. Nc3 Bb4 4. Nge2 Nf6 5. a3 Bxc3+ 6. Nxc3 dxe4 7. Bg5 h6 8. Bxf6 Qxf6 9. Nxe4 Qe7 10. c3 Nd7 11. Bd3 Nf6 12. Nxf6+ Qxf6 13. Qc2 0-0 14. 0-0 b6 15. Bh7+ Kh8 16. Be4 Rb8 17. Rad1 Bb7 18. Bxb7 Rxb7 19. Rfe1 c6 20. Qe4 Rc7 21. Re3 Rd8 22. Red3 Kg8 23. f3 Qe7 24. Qe5 Rcd7 25. Qe4 Rd5 26. Kf2 Qd7 27. g3 c5 28. f4 Qb5 29. Qe2 cxd4 30. Rxd4 Qc5 31. Qe3 Rxd4 32. cxd4 Qc2+ 33. Qe2 Rc8 34. Ke3 Qc6 35. Qf3 Qb5 36. Qe2 Qb3+ 37. Rd3 Qa4 38. Qd2 Rc2 39. Qd1 Qc4 40. Rd2 Rc1 41. Qe2 Qc6 42. Qf3 Re1+ 43. Re2 Qc1+ 44. Kd3 Rd1+ 45. Ke4 Qc6+ 46. Ke3 Rd3+ 47. Kxd3 Qxf3+ 48. Re3 Qd1+ 0-1

[Event "Wch U14 blitz"]
[Site "Terme Catez"]
[Date "2024.12.16"]
[Round "10"]
[White "Negrean, Andrei"]
[Black "Sava, Robert Gabriel"]
[Result "1-0"]
[WhiteElo "2182"]
[BlackElo "2269"]
[PlyCount "43"]
[EventDate "2024.12.16"]
[EventType "swiss (blitz)"]
[EventRounds "22"]
[EventCountry "SLO"]
[SourceTitle "CB51_2024"]
[SourceDate "2024.12.18"]
[SourceVersion "1"]
[SourceVersionDate "2024.12.18"]
[SourceQuality "1"]

1. e4 e6 2. d4 d5 3. Nd2 c5 4. exd5 exd5 5. Ngf3 Nc6 6. Bb5 cxd4 7. Qe2+ Qe7 8. Bxc6+ bxc6 9. Ne5 Bd7 10. 0-0 Qe6 11. Re1 Bd6 12. Ndf3 Ne7 13. Qd1 Qf5 14. Nxd4 Qf6 15. Nxd7 Kxd7 16. c4 Rae8 17. Be3 Nc8 18. cxd5 c5 19. Qa4+ Kc7 20. Nb5+ Kb8 21. Nxd6 Qxd6 22. Bf4 1-0

[Event "Wch U14 blitz"]
[Site "Terme Catez"]
[Date "2024.12.16"]
[Round "20"]
[White "Nguyen, Vuong Tung Lam"]
[Black "Sava, Robert Gabriel"]
[Result "1/2-1/2"]
[WhiteElo "2043"]
[BlackElo "2269"]
[PlyCount "191"]
[EventDate "2024.12.16"]
[EventType "swiss (blitz)"]
[EventRounds "22"]
[EventCountry "SLO"]
[SourceTitle "CB51_2024"]
[SourceDate "2024.12.18"]
[SourceVersion "1"]
[SourceVersionDate "2024.12.18"]
[SourceQuality "1"]

1. d4 Nf6 2. Nf3 d5 3. g3 e6 4. Bg2 Bd6 5. 0-0 0-0 6. c4 c6 7. Nc3 Nbd7 8. Nd2 Be7 9. e4 dxe4 10. Ndxe4 Nxe4 11. Nxe4 Nf6 12. Nc3 Bd7 13. Be3 Rc8 14. Qe2 a6 15. Rfd1 Re8 16. Qc2 b5 17. b3 b4 18. Ne2 a5 19. h3 Qc7 20. Nf4 c5 21. dxc5 Bxc5 22. Bxc5 Qxc5 23. Nd3 Qc7 24. Qe2 e5 25. a3 Bf5 26. axb4 Bxd3 27. Rxd3 axb4 28. Ra4 Rb8 29. Qd2 e4 30. Rd4 e3 31. Qe2 Qc5 32. Rf4 exf2+ 33. Qxf2 Qe5 34. c5 Qc3 35. Qd4 Qxb3 36. Rxb4 Rxb4 37. Qxb4 Qd1+ 38. Kh2 Nh5 39. Re4 Rd8 40. c6 Qd3 41. Rg4 Nf6 42. c7 Rc8 43. Rc4 Qd7 44. Qb7 Ne8 45. Re4 Nd6 46. Rd4 Rxc7 47. Qb4 Rc8 48. Rxd6 Qe8 49. Qd4 g6 50. h4 h5 51. Qd5 Kg7 52. Qd4+ Kh7 53. Rd7 Rc2 54. Ra7 Kg8 55. Qf6 Rc5 56. Ra8 Rc8 57. Rxc8 Qxc8 58. Be4 Qg4 59. Qd8+ Kg7 60. Qd4+ Kh7 61. Qc4 Qd7 62. Bd5 Kg7 63. Qd4+ f6 64. Qc5 g5 65. hxg5 fxg5 66. Bg2 Qd8 67. Qe5+ Qf6 68. Qc7+ Qf7 69. Qc5 Qf6 70. Be4 h4 71. Qc7+ Kf8 72. Qc8+ Kg7 73. Qd7+ Kf8 74. Qc8+ Kg7 75. Qc7+ Kf8 76. g4 Qf2+ 77. Bg2 Qf6 78. Qc8+ Kg7 79. Qd7+ Kf8 80. Qf5 Qxf5 81. gxf5 g4 82. Be4 Kg7 83. Kg2 Kf6 84. Kf2 Ke5 85. Ke3 g3 86. Bc2 h3 87. Kf3 h2 88. Kg2 Kf6 89. Bd3 Ke5 90. Bb1 Kf6 91. Bc2 Ke5 92. Be4 Kf6 93. Bd3 Ke5 94. Be4 Kf6 95. Bd3 Ke5 96. Be4 1/2-1/2

[Event "Wch U14 blitz"]
[Site "Terme Catez"]
[Date "2024.12.16"]
[Round "4"]
[White "Ordiz Fernandez, Roque"]
[Black "Sava, Robert Gabriel"]
[Result "0-1"]
[WhiteElo "2002"]
[BlackElo "2269"]
[PlyCount "126"]
[EventDate "2024.12.16"]
[EventType "swiss (blitz)"]
[EventRounds "22"]
[EventCountry "SLO"]
[SourceTitle "CB51_2024"]
[SourceDate "2024.12.18"]
[SourceVersion "1"]
[SourceVersionDate "2024.12.18"]
[SourceQuality "1"]

1. e4 e6 2. d4 d5 3. Nd2 c5 4. exd5 exd5 5. Ngf3 Nc6 6. Bb5 cxd4 7. 0-0 Bd6 8. Nxd4 Nge7 9. N2f3 0-0 10. Re1 Bg4 11. Be2 a6 12. h3 Bd7 13. c3 Rc8 14. Bd3 Bb8 15. Bf1 Nxd4 16. Nxd4 Nc6 17. Be3 Qf6 18. Qf3 Qd6 19. g3 Ne5 20. Qd1 Nc4 21. Bf4 Qb6 22. Bxb8 Rxb8 23. b3 Nd6 24. Bg2 Ne4 25. Bxe4 dxe4 26. Rxe4 Bxh3 27. Qh5 Bd7 28. Rae1 Qg6 29. Qxg6 hxg6 30. Re7 Rfe8 31. c4 Kf8 32. Rxe8+ Bxe8 33. c5 Rd8 34. Rd1 Ke7 35. f3 a5 36. a3 Rc8 37. b4 axb4 38. axb4 Ra8 39. Kf2 Ra2+ 40. Ke3 Rb2 41. Ra1 Rxb4 42. Kd3 Ra4 43. Rb1 Bc6 44. Rb6 Ra3+ 45. Ke2 Kd7 46. Nxc6 bxc6 47. Rb7+ Ke6 48. Rc7 Ra6 49. Ke3 g5 50. Rb7 Ra5 51. Kd4 Ra4+ 52. Kd3 Ra3+ 53. Ke4 f5+ 54. Kd4 Rxf3 55. Rxg7 Rxg3 56. Rg6+ Kd7 57. Rg7+ Kd8 58. Ke5 f4 59. Kd6 Ke8 60. Kxc6 f3 61. Ra7 f2 62. Ra1 Rg1 63. Ra8+ Ke7 0-1

[Event "Wch U14 blitz"]
[Site "Terme Catez"]
[Date "2024.12.16"]
[Round "7"]
[White "Sava, Robert Gabriel"]
[Black "Malaric, Marko"]
[Result "1-0"]
[WhiteElo "2269"]
[BlackElo "1940"]
[PlyCount "111"]
[EventDate "2024.12.16"]
[EventType "swiss (blitz)"]
[EventRounds "22"]
[EventCountry "SLO"]
[SourceTitle "CB51_2024"]
[SourceDate "2024.12.18"]
[SourceVersion "1"]
[SourceVersionDate "2024.12.18"]
[SourceQuality "1"]

1. d4 Nf6 2. c4 e6 3. g4 d5 4. g5 Nfd7 5. Nc3 dxc4 6. Bg2 Be7 7. h4 c6 8. Nh3 Nb6 9. Bf4 Bd6 10. e3 Nd5 11. Bxd6 Qxd6 12. 0-0 0-0 13. Rc1 Nd7 14. Ne4 Qe7 15. Rxc4 N7b6 16. Rc1 f6 17. gxf6 Nxf6 18. Ng3 e5 19. Ng5 exd4 20. Qxd4 Bd7 21. Rfd1 h6 22. N5e4 Nxe4 23. Qxe4 Qxe4 24. Bxe4 Be6 25. b3 Rad8 26. f4 Bd5 27. Bb1 Bf3 28. Rxd8 Rxd8 29. Kf2 Bg4 30. e4 Rd2+ 31. Ke3 Rg2 32. Nf5 Re2+ 33. Kd3 Rh2 34. Ne3 Be6 35. Kd4 Rd2+ 36. Ke5 Bf7 37. f5 Re2 38. Kf4 Rh2 39. Kg3 Rd2 40. Ng4 h5 41. Ne5 Re2 42. Kf3 Rh2 43. Rg1 Rxh4 44. f6 g6 45. Nxg6 Bxg6 46. Rxg6+ Kf7 47. e5 Ke6 48. Rg5 Rh1 49. Be4 Rf1+ 50. Ke3 Re1+ 51. Kd3 h4 52. Bf5+ Kxe5 53. f7 Rd1+ 54. Ke2 Rd8 55. Rg8 Rd2+ 56. Kxd2 1-0

[Event "Wch U14 blitz"]
[Site "Terme Catez"]
[Date "2024.12.16"]
[Round "19"]
[White "Sava, Robert Gabriel"]
[Black "Nguyen, Vuong Tung Lam"]
[Result "1-0"]
[WhiteElo "2269"]
[BlackElo "2043"]
[PlyCount "135"]
[EventDate "2024.12.16"]
[EventType "swiss (blitz)"]
[EventRounds "22"]
[EventCountry "SLO"]
[SourceTitle "CB51_2024"]
[SourceDate "2024.12.18"]
[SourceVersion "1"]
[SourceVersionDate "2024.12.18"]
[SourceQuality "1"]

1. d4 Nf6 2. c4 g6 3. f3 d5 4. cxd5 Nxd5 5. e4 Nb6 6. Nc3 Bg7 7. Be3 0-0 8. Qd2 e5 9. d5 c6 10. dxc6 Nxc6 11. 0-0-0 Qxd2+ 12. Rxd2 Be6 13. Bd3 Rfd8 14. Nge2 Nd4 15. Kb1 Rd7 16. Rhd1 Rad8 17. Nc1 Nc4 18. Bxc4 Bxc4 19. Nb3 b6 20. h3 Kf8 21. Nc1 Ke8 22. Bg5 Rc8 23. Be3 f5 24. exf5 gxf5 25. f4 Rcd8 26. fxe5 Bxe5 27. Bg5 Rc8 28. Be3 Rcd8 29. Bg5 Rc8 30. N3e2 Bxe2 31. Nxe2 Rc4 32. Nxd4 Rcxd4 33. Rxd4 Rxd4 34. Rxd4 Bxd4 35. b3 Kd7 36. Kc2 Ke6 37. Kd3 Kd5 38. Bd2 b5 39. Be3 Bxe3 40. Kxe3 Ke5 41. g3 b4 42. Kd3 Kd5 43. Ke3 Ke5 44. Kd3 h5 45. Ke3 a6 46. Kf3 Ke6 47. Kf4 Kf6 48. Kf3 Ke5 49. Ke3 Ke6 50. Kd4 Kd6 51. Kc4 Ke5 52. Kxb4 Kd4 53. Ka5 h4 54. gxh4 f4 55. h5 f3 56. h6 f2 57. h7 f1Q 58. h8Q+ Ke4 59. Qe8+ Kd5 60. Qd7+ Ke5 61. Qc7+ Kf6 62. Qc6+ Ke7 63. Qxa6 Qxh3 64. Qb7+ Kd6 65. Qb6+ Kd7 66. a4 Qc3+ 67. b4 Kc8 68. Qc5+ 1-0